| 000 | 01480nam a22002657a 4500 | ||
|---|---|---|---|
| 999 |
_c59706 _d59706 |
||
| 003 | Ge_BSU | ||
| 005 | 20230404145417.0 | ||
| 008 | 230404s2012 ge ||||| |||| 00| 0 geo d | ||
| 020 | _a9789941105432x | ||
| 041 | _ageo | ||
| 080 | _a1(430)(092ნიცშე, ფ.)+13+2+14+165.742 ჰ-22 | ||
| 100 |
_aჰაიდეგერი, მარტინ _93703 |
||
| 245 |
_aნიცშეს სიტყვა "ღმერთი მკვდარია"; წერილი ჰუმანიზმის შესახებ / _cმარტინ ჰაიდეგერი; [გერმ. თარგმნა და თეორიული ესსე დაურთო ვალერიან რამიშვილმა; რედ. თეა ფეტელავა]. |
||
| 264 |
_aთბილისი : _bმერიდიანი, _c2012. |
||
| 300 |
_a176 გვ. ; _b23 სმ. |
||
| 504 | _aბიბლიოგრ.: გვ. 174. | ||
| 653 | _aნიცშე, ფრიდრიხ, 1844-1900. | ||
| 653 | _aნიცშე, ფრიდრიხ | ||
| 653 | _aჰუმანიზმი | ||
| 653 | _aსულიერი ცხოვრების ფილოსოფია | ||
| 653 | _aთეოლოგია | ||
| 700 |
_aრამიშვილი, ვალერიან _eმთარგმნელი _917469 |
||
| 700 |
_aფეტელავა, თეა _eრედაქტორი _917470 |
||
| 942 |
_2udc _cBK |
||